New technology and changes in the mass media : considerations for political scientists / by Miquel de Moragas Spà considerations for political scientists / by Miquel de Moragas Spà
Descripción Física:
31 p. ; 21 cm
Materias:
Mitjans de comunicació de massa
MARC
| LEADER | 00000nam a2200000Ia 4500 | ||
|---|---|---|---|
| 001 | 16384 | ||
| 008 | 160829s1990 xx 000 0 cat d | ||
| 080 | |a FU-43-6 | ||
| 100 | |a Moragas i Spà, Miquel de |9 23443 | ||
| 245 | |a New technology and changes in the mass media : |b considerations for political scientists / by Miquel de Moragas Spà | ||
| 260 | |a Barcelona : |b Institut de Ciències Polítiques i Socials, |c 1990 | ||
| 300 | |a 31 p. ; |c 21 cm | ||
| 490 | |a Working papers / Institut de Ciències Polítiques i Socials ; 17 | ||
| 590 | |a Notes | ||
| 650 | |a Mitjans de comunicació de massa |9 36503 | ||
| 710 | 2 | |a Institut de Ciències Polítiques i Socials (Barcelona, Catalunya) |9 55871 | |
| 901 | |a Arxiu | ||
| 942 | |n 1 | ||
| 952 | |0 0 |1 0 |4 0 |6 FU436 |7 1 |9 43477 |a Arxiu |b Arxiu |d 2016-12-01 |l 0 |o FU-43-6 |p 16384 |r 2016-12-01 00:00:00 |w 2016-12-01 |y ARXIU | ||
| 999 | |c 46023 |d 46023 | ||